Największe miasta historycznego Śląska - Statystyki

Ogólne statystyki
  • Ten quiz został rozwiązany 3 738 razy
    3 710 od ostatniego zresetowania
  • Średni wynik to 12 z 18
Odpowiedzi na mapie
Odpowiedzi zakodowano w zielono-czerwonej skali na mapie do tego quizu, zgodnie z poniższymi procentami.
 
Statystyki odpowiedzi
L.p. Liczba mieszkańców Miasto Kraina historyczna % Poprawnych
3. 278 090 Katowice Górny Śląsk
97%
1. 673 531 Wrocław Dolny Śląsk
95%
4. 169 259 Gliwice Górny Śląsk
81%
11. 126 077 Opole Górny Śląsk (Opolszczyzna)
79%
6. 153 067 Zabrze Górny Śląsk
77%
13. 100 012 Chorzów Górny Śląsk
71%
7. 146 922 Bytom Górny Śląsk
70%
15. 91 335 Legnica Dolny Śląsk
67%
5. 165 127 Bielsko-Biała Śląsk Cieszyński
66%
14. 99 463 Wałbrzych Dolny Śląsk
64%
9. 130 373 Rybnik Górny Śląsk
63%
12. 121 472 Tychy Górny Śląsk
63%
2. 284 765 Ostrawa Śląsk Cieszyński
59%
10. 129 531 Ruda Śląska Górny Śląsk
58%
17. 74 636 Jelenia Góra Dolny Śląsk
57%
8. 138 887 Zielona Góra Dolny Śląsk
51%
16. 82 301 Jastrzębie Zdrój Górny Śląsk
40%
18. 69 694 Hawierzów Śląsk Cieszyński
10%
Nie znaleziono quizów pasujących do podanych kryteriów
Rozkład punktacji
Procent ludzi z każdym wynikiem
Percentyl według liczby udzielonych odpowiedzi
Twoja historia wyników
Nie rozwiązałeś tego quizu od ostatniego zresetowania